La ciudad de Dios / (Record no. 20446)

MARC details
000 -LEADER
campo de control de longitud fija 00683nam a2200205 i 4500
001 - NÚMERO DE CONTROL
campo de control 20446
003 - IDENTIFICADOR DE NÚMERO DE CONTROL
campo de control ES-MaACL
005 - FECHA Y HORA DE LA ÚLTIMA TRANSACCIÓN
campo de control 20230906152315.0
007 - CAMPO FIJO DE DESCRIPCIÓN FÍSICA--INFORMACIÓN GENERAL
campo de control de longitud fija t|
008 - DATOS DE LONGITUD FIJA--INFORMACIÓN GENERAL
campo de control de longitud fija 021112s1893 sp ||||1| spa d
080 ## - NÚMERO DE LA CLASIFICACIÓN DECIMAL UNIVERSAL
Número de la Clasificación Decimal Universal 239(04)
100 0# - ENTRADA PRINCIPAL--NOMBRE DE PERSONA
Nombre de persona Agustín
Títulos y otros términos asociados al nombre Santo, Obispo de Hipona.
9 (RLIN) 125563
245 13 - MENCIÓN DEL TÍTULO
Título La ciudad de Dios /
Mención de responsabilidad, etc. por San Agustín, Obispo de Hipona ; traducida directamente del latín por José Cayetano Díaz de Beyral.
260 ## - PUBLICACIÓN, DISTRIBUCIÓN, ETC.
Lugar de publicación, distribución, etc. Madrid :
Nombre del editor, distribuidor, etc. [s.n.],
Fecha de publicación, distribución, etc. 1893 (
Fabricante Vda. de Hernando)
300 ## - DESCRIPCIÓN FÍSICA
Extensión 4 v. ;
Dimensiones 17 cm.
650 #4 - PUNTO DE ACCESO ADICIONAL DE MATERIA--TÉRMINO DE MATERIA
Término de materia o nombre geográfico como elemento de entrada Reino de Dios.
9 (RLIN) 139635
650 04 - PUNTO DE ACCESO ADICIONAL DE MATERIA--TÉRMINO DE MATERIA
Término de materia o nombre geográfico como elemento de entrada Apologética.
9 (RLIN) 9921
700 1# - ENTRADA AGREGADA--NOMBRE PERSONAL
Nombre de persona Díaz de Beyral, José Cayetano.
9 (RLIN) 44217
852 ## - LOCALIZACIÓN
Ubicación ES-MaACL
Número de control de estantería F-13015-18
Holdings
Estatus retirado Estado de pérdida Estado de daño No para préstamo Colección Biblioteca de origen Biblioteca actual Ubicación en estantería Fecha de adquisición Fuente de adquisición Total de préstamos Signatura topográfica completa Código de barras Visto por última vez Precio de reemplazo Tipo de ítem Koha
        Libros del s. XIX Biblioteca del Ateneo de Madrid Biblioteca del Ateneo de Madrid Sala Pecera Planta 2 17/01/2008     F-13015-18 1020975 23/02/2023 23/02/2023 Libro impreso antiguo